La conciencia en el cerebro: descifrando el enigma de cómo el cerebro elabora nuestros pensamientos

Uloženo v:
Podrobná bibliografie
Hlavní autor: Dehaene, Stanislas (Autor)
Médium: Kniha
Jazyk:španělština
Vydáno: Buenos Aires Siglo Veintiuno 2015
Vydání:1a. ed
Edice:Ciencia que Ladra...Serie Mayor
Témata:
Tagy: Přidat tag
Žádné tagy, Buďte první, kdo vytvoří štítek k tomuto záznamu!

MARC

LEADER 00000cam a2200000 a 4500
001 UCD3382
003 CL-VaPUC
008 160603e20150300ag |||||||||||||||||spa|d
020 |a 9789876295062 
082 0 4 |a 153.152  |b DEH  |2 21 
100 0 |a Dehaene, Stanislas  |e author  |9 232 
245 1 3 |a La conciencia en el cerebro: descifrando el enigma de cómo el cerebro elabora nuestros pensamientos 
250 |a 1a. ed 
300 |a 383 p 
942 |c BK 
945 |d 20160603 11:43:00  |a arojas 
260 |a Buenos Aires  |b Siglo Veintiuno  |c 2015 
650 0 |a Conciencia  |9 309452 
650 0 |a Metacognición  |9 423942 
650 0 |a Neurociencias  |9 424346 
650 0 |a Memoria  |9 266549 
650 0 |a Imaginación  |9 269378 
583 |a last modification  |c 20160603 11:43:00  |k Rodrigo Vera 
490 0 |a Ciencia que Ladra...Serie Mayor 
999 |c 364418  |d 364416 
952 |0 0  |1 0  |3 erb  |4 0  |6 153_152000000000000_DEH_2015  |7 0  |8 A  |9 477590  |a BIBEDU  |b BIBEDU  |i 5288827  |l 2  |m 3  |o 153.152 DEH 2015  |p 5288827  |r 2023-12-01  |s 2023-11-20  |w 2019-11-24  |y BK  |z Catalogado en:20160603  |k EDI 
952 |0 0  |1 0  |3 erb  |4 0  |6 153_152000000000000_DEH_2015  |7 0  |8 A  |9 477591  |a BIBEDU  |b BIBEDU  |i 5358248  |l 1  |m 2  |o 153.152 DEH 2015  |p 5358248  |r 2024-06-25  |s 2024-05-31  |w 2019-11-24  |y BK  |z Catalogado en:20161230  |k EFI